[Event "FRM-ch op 25th"]
[Site "Struga"]
[Date "2016.07.21"]
[Round "6"]
[White "Gjorgjiev, Goce"]
[Black "Saraci, Nderim"]
[Result "0-1"]
[WhiteElo "2126"]
[BlackElo "2303"]
[PlyCount "92"]
[EventDate "2016.07.16"]
[EventType "swiss"]
[EventRounds "9"]
[EventCountry "MKD"]
[SourceTitle "CBM 173 Extra"]
[Source "ChessBase"]
[SourceDate "2016.08.29"]
[SourceVersion "1"]
[SourceVersionDate "2016.08.29"]
[SourceQuality "1"]

1. e4 c5 2. c3 d5 3. exd5 Qxd5 4. d4 Nf6 5. Nf3 e6 6. Be2 Be7 7. Be3 cxd4 8. cxd4 0-0 9. Nc3 Qd8 10. 0-0 Nc6 11. Qb3 b6 12. Rfd1 Bb7 13. Ne5 Nb4 14. Rac1 Rc8 15. a3 Nbd5 16. Bf3 Nxc3 17. bxc3 Bxf3 18. Nxf3 Qd6 19. a4 Qa3 20. Qxa3 Bxa3 21. Rc2 Rc4 22. Ne5 Rc7 23. c4 Rfc8 24. Ra2 Bd6 25. a5 Ne4 26. axb6 axb6 27. Rc1 f6 28. f3 fxe5 29. fxe4 exd4 30. Bxd4 Rxc4 31. Rxc4 Rxc4 32. Ra8+ Kf7 33. Ra7+ Ke8 34. Bxb6 Be5 35. Kf2 Rxe4 36. Kf3 Rf4+ 37. Ke3 Rc4 38. h3 Bf6 39. Rc7 Rb4 40. Bc5 Rb2 41. Kf3 Rb3+ 42. Kf4 h5 43. h4 Rc3 44. g3 Kd8 45. Rc6 Kd7 46. Rd6+ Kc7 0-1

[Event "FRM-ch op 25th"]
[Site "Struga"]
[Date "2016.07.16"]
[Round "1"]
[White "Gjorgjiev, Goce"]
[Black "Zvezdakoski, Matej"]
[Result "1-0"]
[WhiteElo "2126"]
[BlackElo "1566"]
[PlyCount "39"]
[EventDate "2016.07.16"]
[EventType "swiss"]
[EventRounds "9"]
[EventCountry "MKD"]
[SourceTitle "CBM 173 Extra"]
[Source "ChessBase"]
[SourceDate "2016.08.29"]
[SourceVersion "1"]
[SourceVersionDate "2016.08.29"]
[SourceQuality "1"]

1. e4 e5 2. Nf3 Nc6 3. c3 Nf6 4. d4 exd4 5. e5 Qe7 6. cxd4 d6 7. Bb5 Bd7 8. 0-0 Nd5 9. Re1 0-0-0 10. Bc4 Be6 11. Bg5 f6 12. exf6 gxf6 13. Bxd5 fxg5 14. Bxe6+ Kb8 15. Nc3 Qg7 16. d5 Ne5 17. Nxe5 dxe5 18. Qe2 Qh6 19. Ne4 c6 20. Red1 1-0

[Event "FRM-chT 21st"]
[Site "Struga"]
[Date "2012.07.20"]
[Round "5.6"]
[White "Gjorgjiev, Goce"]
[Black "Hadzi Manev, Ljubomir"]
[Result "1/2-1/2"]
[WhiteElo "2137"]
[BlackElo "2089"]
[PlyCount "125"]
[EventDate "2012.07.16"]
[EventType "team-tourn"]
[EventRounds "7"]
[EventCountry "MKD"]
[SourceTitle "CBM 149 Extra"]
[Source "ChessBase"]
[SourceDate "2012.08.24"]
[SourceVersion "1"]
[SourceVersionDate "2012.08.24"]
[SourceQuality "1"]
[WhiteTeam "Kochani"]
[BlackTeam "Skopje Karposh"]
[WhiteTeamCountry "MKD"]
[BlackTeamCountry "MKD"]

1. e4 c6 2. Nc3 d5 3. Nf3 dxe4 4. Nxe4 Nf6 5. Nxf6+ gxf6 6. d4 Bg4 7. c3 Qd5 8. Be2 Nd7 9. Be3 Rg8 10. h3 Bh5 11. g4 Bg6 12. Rg1 e6 13. Qb3 Qxb3 14. axb3 a6 15. Nd2 Bd6 16. Nc4 Bc7 17. Na5 0-0-0 18. b4 f5 19. f4 fxg4 20. hxg4 Be4 21. Nb3 f5 22. g5 h6 23. g6 Nf6 24. c4 Ng4 25. Bxg4 fxg4 26. Rxg4 Rxg6 27. Rxg6 Bxg6 28. Nc5 Bf5 29. Kf2 h5 30. Rh1 Rh8 31. Nb3 h4 32. Nd2 Bd8 33. Nf3 Be7 34. b5 cxb5 35. cxb5 axb5 36. Rc1+ Kb8 37. d5 exd5 38. Bd4 Rh6 39. Be5+ Bd6 40. Bxd6+ Rxd6 41. Nxh4 Be4 42. Ke3 Rh6 43. Nf3 Rh3 44. Rf1 Kc7 45. Ke2 Kd6 46. Rf2 Ke7 47. Ne5 Ke6 48. Kd2 Kf5 49. Nf7 Rd3+ 50. Ke2 Rb3 51. Ke1 Bf3 52. Nd6+ Kxf4 53. Nxb7 Rd3 54. Rd2 Ke3 55. Rxd3+ Kxd3 56. Nc5+ Kc2 57. Ne6 Kd3 58. Nc5+ Kc4 59. Ne6 Bg4 60. Nf4 Kb3 61. Nxd5 Kxb2 62. Nc7 b4 63. Na6 1/2-1/2

[Event "FRM-chT 21st"]
[Site "Struga"]
[Date "2012.07.18"]
[Round "3.6"]
[White "Gjorgjiev, Goce"]
[Black "Stojanovski, Dejan"]
[Result "1/2-1/2"]
[WhiteElo "2137"]
[BlackElo "2430"]
[PlyCount "110"]
[EventDate "2012.07.16"]
[EventType "team-tourn"]
[EventRounds "7"]
[EventCountry "MKD"]
[SourceTitle "CBM 149 Extra"]
[Source "ChessBase"]
[SourceDate "2012.08.24"]
[SourceVersion "1"]
[SourceVersionDate "2012.08.24"]
[SourceQuality "1"]
[WhiteTeam "Kochani"]
[BlackTeam "Skopje Alkaloid"]
[WhiteTeamCountry "MKD"]
[BlackTeamCountry "MKD"]

1. e4 c5 2. c3 d5 3. exd5 Qxd5 4. d4 Nf6 5. Nf3 e6 6. Na3 Be7 7. Nb5 Na6 8. Be3 0-0 9. dxc5 Bxc5 10. Qxd5 Nxd5 11. Bd2 Nac7 12. Nxc7 Nxc7 13. b4 Be7 14. Be2 f6 15. 0-0 e5 16. a4 Be6 17. c4 Rfd8 18. Bc3 Bg4 19. h3 Bh5 20. Rfd1 Ne6 21. g4 Nf4 22. Bf1 Bf7 23. Kh2 Be6 24. Ne1 Rdc8 25. c5 a5 26. Ng2 Ng6 27. Ne3 axb4 28. Bxb4 Bxc5 29. Bxc5 Rxc5 30. Rdb1 Rca5 31. Rb6 Nf4 32. Bb5 R5a7 33. Rc1 Rc8 34. Rd1 Kf7 35. Rdd6 Rc7 36. Rd8 Rc8 37. Rxc8 Bxc8 38. Nc4 Ke7 39. Nd6 Kd8 40. Nxc8 Kxc8 41. Rd6 Ra5 42. Kg3 Ng6 43. Rd5 b6 44. Rd6 Ra7 45. Rxb6 Nf4 46. h4 h6 47. Kf3 Ng6 48. h5 Nf4 49. Ke4 Kd8 50. Rd6+ Ke7 51. Rc6 Kd8 52. Rc5 Ke7 53. Rc6 Kd8 54. Rd6+ Ke7 55. Rb6 Kd8 1/2-1/2

[Event "FRM-chT 21st"]
[Site "Struga"]
[Date "2012.07.16"]
[Round "1.1"]
[White "Gjorgjiev, Goce"]
[Black "Nikoloski, Kire"]
[Result "0-1"]
[WhiteElo "2137"]
[BlackElo "2133"]
[PlyCount "92"]
[EventDate "2012.07.16"]
[EventType "team-tourn"]
[EventRounds "7"]
[EventCountry "MKD"]
[SourceTitle "CBM 149 Extra"]
[Source "ChessBase"]
[SourceDate "2012.08.24"]
[SourceVersion "1"]
[SourceVersionDate "2012.08.24"]
[SourceQuality "1"]
[WhiteTeam "Kochani"]
[BlackTeam "Prilep"]
[WhiteTeamCountry "MKD"]
[BlackTeamCountry "MKD"]

1. e4 e6 2. d4 d5 3. Nc3 Bb4 4. Bd2 dxe4 5. Qg4 g6 6. Qxe4 Nf6 7. Qh4 Nd5 8. Qxd8+ Kxd8 9. Nf3 Nxc3 10. bxc3 Bd6 11. h4 h6 12. Bd3 Nd7 13. 0-0-0 b6 14. Be4 Rb8 15. c4 Ba6 16. Bd3 Bb7 17. Bc3 Rg8 18. Be2 Ke8 19. Bb2 Kf8 20. Rhe1 Re8 21. Kb1 Ke7 22. d5 e5 23. Bf1 Kd8 24. Nd2 Nc5 25. g3 Bc8 26. Bg2 Bf5 27. f3 h5 28. Ne4 Nxe4 29. fxe4 Bg4 30. Rd3 Bb4 31. c3 Be7 32. Bc1 f6 33. Be3 Ref8 34. Rd2 Kd7 35. Kb2 Rf7 36. Bf1 Bd6 37. Rf2 f5 38. Bd3 f4 39. gxf4 exf4 40. Bd4 Be7 41. e5 Rff8 42. Rh1 c5 43. dxc6+ Kxc6 44. Be4+ Kc7 45. Bd5 Rg7 46. e6 Rh7 0-1

[Event "FRM-chT 20th"]
[Site "Struga"]
[Date "2011.08.12"]
[Round "5"]
[White "Gjorgjiev, Goce"]
[Black "Sadiki, Nedzmedin"]
[Result "0-1"]
[WhiteElo "2145"]
[BlackElo "2178"]
[PlyCount "130"]
[EventDate "2011.08.08"]
[EventType "team-tourn"]
[EventRounds "7"]
[EventCountry "MKD"]
[SourceTitle "CBM 143 Extra"]
[Source "ChessBase"]
[SourceDate "2011.08.29"]
[SourceVersion "1"]
[SourceVersionDate "2011.08.29"]
[SourceQuality "1"]
[WhiteTeam "Kochani"]
[BlackTeam "Kumanovo"]
[WhiteTeamCountry "MKD"]
[BlackTeamCountry "MKD"]

1. e4 d5 2. exd5 Qxd5 3. Nc3 Qd8 4. d4 Nf6 5. Nf3 e6 6. Bc4 Be7 7. 0-0 0-0 8. Qe2 c6 9. Rd1 b6 10. Ne5 Nd5 11. Qf3 Bb7 12. Ne2 Nd7 13. Bb3 Bf6 14. c4 Ne7 15. Bc2 Qc7 16. Ng4 c5 17. Qd3 Ng6 18. dxc5 Nxc5 19. Nxf6+ gxf6 20. Qg3 e5 21. h4 Kh8 22. h5 Ne7 23. Qh3 Qc6 24. f3 Rg8 25. Ng3 Rxg3 26. Qxg3 Rg8 27. Qf2 Qxf3 28. Qxf3 Bxf3 29. Rd2 Bxh5 30. Rf2 Bg6 31. b4 Ne4 32. Bxe4 Bxe4 33. Bb2 Nc6 34. Re1 Rg4 35. Bc3 Kg7 36. Rd1 Bg6 37. c5 Rc4 38. Rd6 Nxb4 39. cxb6 axb6 40. Bd2 b5 41. a3 Nc2 42. Ra6 e4 43. Rfxf6 e3 44. Ba5 Nd4 45. Rfd6 Ne2+ 46. Kf1 Ng3+ 47. Ke1 Rh4 48. Bc3+ Kh6 49. Kd1 e2+ 50. Ke1 Rh1+ 51. Kf2 Ne4+ 52. Kxe2 Nxc3+ 53. Kf3 f5 54. Rdc6 Rf1+ 55. Ke3 f4+ 56. Kd4 Ne2+ 57. Kc5 Kg5 58. Rd6 Rf2 59. Kxb5 Rxg2 60. Rf6 Bd3+ 61. Kb4 Bxa6 62. Rxa6 f3 63. Ra8 Rg4+ 64. Kc5 f2 65. Rf8 Nf4 0-1

[Event "FRM-chT 20th"]
[Site "Struga"]
[Date "2011.08.08"]
[Round "1"]
[White "Damceski, Marjan"]
[Black "Gjorgjiev, Goce"]
[Result "0-1"]
[WhiteElo "2060"]
[BlackElo "2145"]
[PlyCount "98"]
[EventDate "2011.08.08"]
[EventType "team-tourn"]
[EventRounds "7"]
[EventCountry "MKD"]
[SourceTitle "CBM 143 Extra"]
[Source "ChessBase"]
[SourceDate "2011.08.29"]
[SourceVersion "1"]
[SourceVersionDate "2011.08.29"]
[SourceQuality "1"]
[WhiteTeam "Prilep"]
[BlackTeam "Kochani"]
[WhiteTeamCountry "MKD"]
[BlackTeamCountry "MKD"]

1. d4 Nf6 2. Nf3 e6 3. Bf4 b6 4. e3 Bb7 5. Bd3 Be7 6. Nbd2 d6 7. h3 Nbd7 8. 0-0 0-0 9. c3 Re8 10. Qc2 Bf8 11. e4 e5 12. Bh2 Nh5 13. Bc4 Qf6 14. Rfe1 Nf4 15. Rad1 Rad8 16. Bg3 g5 17. Re3 Bg7 18. h4 g4 19. Ng5 Re7 20. Bxf4 Qxf4 21. Nxf7 Rxf7 22. Bxf7+ Qxf7 23. d5 Nf6 24. b4 Rf8 25. Nf1 Bh6 26. Re2 Nh5 27. g3 Nf6 28. c4 Qd7 29. b5 a6 30. a4 Qg7 31. Ne3 Bxe3 32. Rxe3 Nd7 33. Rde1 Nc5 34. Qa2 Ra8 35. Qc2 axb5 36. axb5 Bc8 37. Rb1 Bd7 38. Qd1 Qg6 39. Qe2 h5 40. Kg2 Ra4 41. Rb2 Be8 42. Rb1 Qh7 43. Kg1 Bg6 44. Re1 Ra8 45. Qc2 Rf8 46. Kg2 Rf6 47. Qe2 Qf7 48. Ra1 Rf3 49. Rxf3 gxf3+ 0-1

[Event "FRM-chT 19th"]
[Site "Struga"]
[Date "2010.08.15"]
[Round "7"]
[White "Gjorgjiev, Goce"]
[Black "Dimitrijevic, Radmilo"]
[Result "1/2-1/2"]
[WhiteElo "2134"]
[BlackElo "2211"]
[PlyCount "37"]
[EventDate "2010.08.09"]
[EventType "team"]
[EventRounds "7"]
[EventCountry "MKD"]
[SourceTitle "CBM 137 Extra"]
[Source "ChessBase"]
[SourceDate "2010.09.01"]
[SourceVersion "1"]
[SourceVersionDate "2010.09.01"]
[SourceQuality "1"]

1. e4 c5 2. c3 g6 3. Nf3 Bg7 4. d4 cxd4 5. cxd4 d5 6. exd5 Nf6 7. Nc3 0-0 8. Bc4 Nbd7 9. 0-0 Nb6 10. Bb3 Nfxd5 11. h3 Be6 12. Re1 Nc7 13. Bf4 Bxb3 14. Qxb3 Ncd5 15. Bh2 Nxc3 16. bxc3 Qd7 17. a4 Rac8 18. Nd2 Qd5 19. Reb1 1/2-1/2

[Event "FRM-chT 19th"]
[Site "Struga"]
[Date "2010.08.14"]
[Round "6"]
[White "Andonovski, Ljubisa"]
[Black "Gjorgjiev, Goce"]
[Result "0-1"]
[WhiteElo "2290"]
[BlackElo "2134"]
[PlyCount "156"]
[EventDate "2010.08.09"]
[EventType "team"]
[EventRounds "7"]
[EventCountry "MKD"]
[SourceTitle "CBM 137 Extra"]
[Source "ChessBase"]
[SourceDate "2010.09.01"]
[SourceVersion "1"]
[SourceVersionDate "2010.09.01"]
[SourceQuality "1"]

1. d4 Nf6 2. c4 e5 3. dxe5 Ng4 4. Nf3 Bc5 5. e3 Nc6 6. Be2 Ngxe5 7. Nxe5 Nxe5 8. Nc3 d6 9. 0-0 a5 10. b3 0-0 11. Bb2 Re8 12. Nd5 c6 13. Nf4 Bf5 14. Qd2 Be4 15. Bd4 Qb6 16. Rad1 Rad8 17. Kh1 Bxd4 18. Qxd4 Qxd4 19. Rxd4 Ng6 20. Nxg6 Bxg6 21. Rfd1 Re6 22. h4 h5 23. Bd3 Bxd3 24. R1xd3 Kf8 25. Kg1 Ke7 26. f3 Re5 27. e4 f5 28. exf5 Rxf5 29. Re3+ Kf6 30. Red3 Ke7 31. Kf2 b6 32. Ke3 Ke6 33. Re4+ Kf6 34. Red4 Re5+ 35. Re4 g6 36. Rxe5 Kxe5 37. Rd4 d5 38. cxd5 cxd5 39. Rd2 d4+ 40. Kd3 Rc8 41. Re2+ Kd5 42. Kd2 Rf8 43. Re4 Rc8 44. Rf4 Ke5 45. Rf7 Rd8 46. Kd3 Rd6 47. g3 Rc6 48. f4+ Ke6 49. Rb7 Rd6 50. a4 Kf5 51. Rf7+ Kg4 52. f5 gxf5 53. Rg7+ Kf3 54. Rg5 Rd5 55. Rg6 b5 56. axb5 Rxb5 57. Kxd4 Rxb3 58. Kc4 Rb4+ 59. Kc3 Rg4 60. Rg5 Kxg3 61. Rxh5 f4 62. Kd3 Rxh4 63. Rxa5 Rh2 64. Rg5+ Kf3 65. Rf5 Rh7 66. Kd2 Re7 67. Rf8 Kg3 68. Rg8+ Kf2 69. Rf8 f3 70. Rf6 Rd7+ 71. Kc2 Kg2 72. Rg6+ Kf1 73. Rf6 f2 74. Rg6 Rd5 75. Kc3 Ke2 76. Re6+ Kf3 77. Rf6+ Ke3 78. Kc2 Rd4 0-1

[Event "FRM-chT 19th"]
[Site "Struga"]
[Date "2010.08.13"]
[Round "5"]
[White "Damceski, Marjan"]
[Black "Gjorgjiev, Goce"]
[Result "0-1"]
[WhiteElo "2050"]
[BlackElo "2134"]
[PlyCount "97"]
[EventDate "2010.08.09"]
[EventType "team"]
[EventRounds "7"]
[EventCountry "MKD"]
[SourceTitle "CBM 137 Extra"]
[Source "ChessBase"]
[SourceDate "2010.09.01"]
[SourceVersion "1"]
[SourceVersionDate "2010.09.01"]
[SourceQuality "1"]

1. e4 e5 2. Nf3 Nc6 3. Bb5 Nd4 4. Nxd4 exd4 5. 0-0 Bc5 6. d3 c6 7. Bc4 d5 8. Bb3 Ne7 9. e5 Nf5 10. Qh5 h6 11. Re1 0-0 12. Nd2 Qh4 13. Qxh4 Nxh4 14. g3 Ng6 15. f4 Bh3 16. Nf3 Rae8 17. Bd2 Ne7 18. Kh1 Kh7 19. c3 dxc3 20. bxc3 Bf5 21. Bc2 Bb6 22. Nh4 d4 23. cxd4 Bxd4 24. Rab1 Bc8 25. Nf3 Bb6 26. Bb4 Kg8 27. Bd6 Kh8 28. Bb3 Be6 29. Bxe6 fxe6 30. h4 Rf7 31. Kg2 Nf5 32. Nd2 Rd7 33. Ne4 Bd4 34. Rec1 Rc8 35. a4 b6 36. Kh3 c5 37. Rc2 Ne7 38. Ra2 Nd5 39. a5 Nb4 40. axb6 axb6 41. Rd2 Ra7 42. g4 Ra3 43. f5 exf5 44. gxf5 Nxd3 45. Rxb6 Nf2+ 46. Kg2 Nxe4 47. Rxd4 Rg3+ 48. Kh2 cxd4 49. e6 0-1

[Event "FRM-chT 19th"]
[Site "Struga"]
[Date "2010.08.12"]
[Round "4"]
[White "Stojanovski, Dejan"]
[Black "Gjorgjiev, Goce"]
[Result "1-0"]
[WhiteElo "2437"]
[BlackElo "2134"]
[PlyCount "77"]
[EventDate "2010.08.09"]
[EventType "team"]
[EventRounds "7"]
[EventCountry "MKD"]
[SourceTitle "CBM 137 Extra"]
[Source "ChessBase"]
[SourceDate "2010.09.01"]
[SourceVersion "1"]
[SourceVersionDate "2010.09.01"]
[SourceQuality "1"]

1. e4 e5 2. Nf3 Nc6 3. Bb5 Nd4 4. Nxd4 exd4 5. 0-0 Bc5 6. Bc4 d6 7. d3 Ne7 8. Bg5 0-0 9. Nd2 c6 10. Qh5 Be6 11. a3 Qd7 12. Bxe7 Qxe7 13. f4 Bxc4 14. Nxc4 g6 15. Qh6 f5 16. Nd2 Rae8 17. Rae1 Qg7 18. Qh3 Bb6 19. Nc4 Bc7 20. exf5 gxf5 21. Rxe8 Rxe8 22. Qxf5 d5 23. Nd2 Rf8 24. Qe6+ Kh8 25. f5 Rf6 26. Qe8+ Rf8 27. Qe2 Qh6 28. g3 Qe3+ 29. Qxe3 dxe3 30. Nb3 e2 31. Re1 Rxf5 32. Rxe2 h5 33. Re7 Bb6+ 34. d4 h4 35. Rxb7 hxg3 36. hxg3 Rf3 37. Kg2 Re3 38. Kf2 Re4 39. c3 1-0

[Event "EU-Cup 25th"]
[Site "Ohrid"]
[Date "2009.10.07"]
[Round "4.6"]
[White "Litwak, Aleksej"]
[Black "Gjorgjiev, Goce"]
[Result "0-1"]
[WhiteElo "2290"]
[BlackElo "2120"]
[PlyCount "70"]
[EventDate "2009.10.04"]
[EventType "team-swiss"]
[EventRounds "7"]
[EventCountry "MKD"]
[SourceTitle "CBM 133"]
[Source "ChessBase"]
[SourceDate "2009.11.19"]
[SourceVersion "1"]
[SourceVersionDate "2009.11.19"]
[SourceQuality "1"]
[WhiteTeam "Eynatten"]
[BlackTeam "Kochani"]
[WhiteTeamCountry "BEL"]
[BlackTeamCountry "MKD"]

1. e4 e5 2. Nf3 Nc6 3. Bb5 Nd4 4. Nxd4 exd4 5. 0-0 Bc5 6. d3 c6 7. Bc4 d5 8. exd5 cxd5 9. Bb5+ Bd7 10. Bxd7+ Qxd7 11. Nd2 Ne7 12. Nb3 Bb6 13. a4 a6 14. Bf4 0-0 15. a5 Ba7 16. Re1 Rac8 17. h3 Ng6 18. Bg3 f5 19. f3 Qc6 20. Re2 Rfe8 21. Rxe8+ Rxe8 22. Qd2 Qf6 23. Re1 Re3 24. Qb4 Rxe1+ 25. Qxe1 h5 26. Qe8+ Kh7 27. Qa8 Qg5 28. Kh2 h4 29. Bc7 Nf4 30. Bxf4 Qxf4+ 31. Kg1 Bb8 32. Kf1 Qh2 33. Nxd4 Qh1+ 34. Ke2 Qxg2+ 35. Kd1 Bf4 0-1

[Event "FRM-chT 18th"]
[Site "Struga"]
[Date "2009.08.16"]
[Round "7"]
[White "Gjorgjiev, Goce"]
[Black "Petrovski, Igor"]
[Result "0-1"]
[WhiteElo "2140"]
[BlackElo "1972"]
[PlyCount "64"]
[EventDate "2009.08.10"]
[EventType "team-tourn"]
[EventRounds "7"]
[EventCountry "MKD"]
[SourceTitle "CBM 131 Extra"]
[Source "ChessBase"]
[SourceDate "2009.09.03"]
[SourceVersion "2"]
[SourceVersionDate "2009.09.16"]
[SourceQuality "1"]

1. e4 c5 2. c3 d5 3. exd5 Qxd5 4. d4 g6 5. Nf3 Bg7 6. Na3 cxd4 7. Nb5 Na6 8. Qa4 Bd7 9. Bc4 Qe4+ 10. Kf1 Nh6 11. Bxh6 Bxh6 12. Re1 Qf4 13. Ne5 Nc5 14. Nd6+ exd6 15. Nxd7+ Kd8 16. Nxc5 dxc5 17. cxd4 cxd4 18. Bd5 d3 19. Qb3 d2 20. Rd1 Re8 21. g3 Qe5 22. Kg2 Re7 23. Bxf7 Qe4+ 24. f3 Qe2+ 25. Kh3 Re5 26. g4 Re3 27. Qd5+ Ke7 28. Qxb7+ Kf6 29. Bd5 Rf8 30. Kg3 Ke5 31. Be4 Rfxf3+ 32. Bxf3 Bf4+ 0-1

[Event "FRM-chT 18th"]
[Site "Struga"]
[Date "2009.08.15"]
[Round "6"]
[White "Sadiki, Nedzmedin"]
[Black "Gjorgjiev, Goce"]
[Result "1-0"]
[WhiteElo "2168"]
[BlackElo "2140"]
[PlyCount "81"]
[EventDate "2009.08.10"]
[EventType "team-tourn"]
[EventRounds "7"]
[EventCountry "MKD"]
[SourceTitle "CBM 131 Extra"]
[Source "ChessBase"]
[SourceDate "2009.09.03"]
[SourceVersion "2"]
[SourceVersionDate "2009.09.16"]
[SourceQuality "1"]

1. e4 c5 2. Nf3 Nc6 3. d4 cxd4 4. Nxd4 Nf6 5. Nc3 e5 6. Ndb5 d6 7. Bg5 a6 8. Bxf6 gxf6 9. Na3 b5 10. Nd5 Bg7 11. Qd3 Be6 12. c3 0-0 13. Nc2 Rb8 14. Be2 f5 15. exf5 Bxd5 16. Qxd5 Qd7 17. Bg4 Ne7 18. Qf3 Bf6 19. Rd1 d5 20. 0-0 Rfd8 21. Rd2 Qc7 22. Rfd1 Rb6 23. Qg3 Kh8 24. Qh3 Bg5 25. Re2 Rh6 26. Bh5 Ng8 27. g4 Nf6 28. Ne3 Rg8 29. Kf1 Qc6 30. Qf3 Nxh5 31. gxh5 e4 32. Qh3 Rd6 33. Red2 Rgd8 34. Qg3 Bf6 35. Ng4 Qc4+ 36. Kg1 d4 37. Nxf6 Rxf6 38. Rxd4 Rxd4 39. Rxd4 Qc8 40. Rxe4 Rxf5 41. h6 1-0

[Event "FRM-chT 18th"]
[Site "Struga"]
[Date "2009.08.12"]
[Round "3"]
[White "Stojanovski, Dejan"]
[Black "Gjorgjiev, Goce"]
[Result "1-0"]
[WhiteElo "2432"]
[BlackElo "2140"]
[PlyCount "91"]
[EventDate "2009.08.10"]
[EventType "team-tourn"]
[EventRounds "7"]
[EventCountry "MKD"]
[SourceTitle "CBM 131 Extra"]
[Source "ChessBase"]
[SourceDate "2009.09.03"]
[SourceVersion "2"]
[SourceVersionDate "2009.09.16"]
[SourceQuality "1"]

1. e4 e5 2. Nf3 Nc6 3. Bb5 a6 4. Bxc6 dxc6 5. Nc3 Bd6 6. d4 Bg4 7. dxe5 Bxf3 8. Qxf3 Bxe5 9. Bf4 Qe7 10. Bxe5 Qxe5 11. Qg3 Qxg3 12. hxg3 0-0-0 13. Rd1 Re8 14. g4 Nf6 15. f3 h6 16. Ne2 g6 17. Ng3 Nd7 18. Ke2 Ne5 19. b3 c5 20. Rh4 f6 21. Rdh1 Nf7 22. Nf1 Re6 23. Ne3 Rd8 24. Rd1 Rxd1 25. Kxd1 c6 26. Ke2 Kc7 27. Rh1 b5 28. Ra1 Rd6 29. g3 Ng5 30. Rh1 Nf7 31. Ng2 g5 32. Ne3 Rd8 33. Nf5 c4 34. bxc4 bxc4 35. Ne3 c3 36. Rd1 Rb8 37. Rd3 Rb2 38. Rxc3 Rxa2 39. Nd5+ Kd6 40. Nb4 Ra4 41. Rxc6+ Kd7 42. Rxf6 Nd6 43. Nd5 Ra2 44. Kd3 a5 45. e5 Ne8 46. Rxh6 1-0

[Event "FRM-chT 17th"]
[Site "Struga"]
[Date "2008.08.08"]
[Round "5"]
[White "Gjorgjiev, Goce"]
[Black "Markovski, Velo"]
[Result "1-0"]
[WhiteElo "2147"]
[BlackElo "2057"]
[PlyCount "59"]
[EventDate "2008.08.04"]
[EventType "team"]
[EventRounds "7"]
[EventCountry "MKD"]
[SourceTitle "CBM 125 Extra"]
[Source "ChessBase"]
[SourceDate "2008.09.01"]
[SourceVersion "1"]
[SourceVersionDate "2008.09.01"]
[SourceQuality "1"]

1. e4 e6 2. d4 d5 3. Nc3 Nf6 4. Bg5 Be7 5. e5 Nfd7 6. h4 a6 7. Qg4 f6 8. Qh5+ g6 9. exf6 Nxf6 10. Qe2 Nc6 11. 0-0-0 Nh5 12. Qe3 h6 13. Bxe7 Qxe7 14. Bd3 Qf6 15. Nxd5 Qg7 16. Nxc7+ Qxc7 17. Bxg6+ Kd8 18. Bxh5 Nb4 19. Qb3 Qa5 20. a3 Na2+ 21. Qxa2 Qxh5 22. Nf3 Rg8 23. d5 e5 24. Rhe1 Rxg2 25. Nxe5 Rxf2 26. d6 Bd7 27. Nxd7 Kxd7 28. Re7+ Kc6 29. Qc4+ Kb6 30. Rxb7+ 1-0

[Event "FRM-chT"]
[Site "Struga"]
[Date "2007.07.23"]
[Round "1"]
[White "Gjorgjiev, Goce"]
[Black "Hristovski, Srdzan"]
[Result "1-0"]
[WhiteElo "2134"]
[BlackElo "2146"]
[PlyCount "61"]
[EventDate "2007.07.23"]
[EventType "team"]
[EventRounds "7"]
[EventCountry "MKD"]
[SourceTitle "CBM 119 Extra"]
[Source "ChessBase"]
[SourceDate "2007.09.04"]
[SourceVersion "1"]
[SourceVersionDate "2007.09.04"]
[SourceQuality "1"]

1. e4 Nf6 2. e5 Nd5 3. d4 d6 4. c4 Nb6 5. f4 dxe5 6. fxe5 Nc6 7. Be3 Bf5 8. Nc3 e6 9. Nf3 Qd7 10. d5 exd5 11. cxd5 Nb4 12. Nd4 0-0-0 13. Bb5 c6 14. dxc6 bxc6 15. Be2 c5 16. Bb5 Qb7 17. 0-0 cxd4 18. Rxf5 dxe3 19. Qf1 Bc5 20. Kh1 e2 21. Bxe2 N6d5 22. Rxf7 Rd7 23. Bg4 Ne3 24. Bxd7+ Qxd7 25. Qf3 Qc6 26. Ne4 Bd4 27. Nd6+ Kd8 28. Qxc6 Nxc6 29. Rc1 Ne7 30. e6 Bxb2 31. Rc8+ 1-0

[Event "FRM-chT"]
[Site "Struga"]
[Date "2005.09.03"]
[Round "6"]
[White "Gjorgjiev, Goce"]
[Black "Todorovski, Tome"]
[Result "0-1"]
[WhiteElo "2144"]
[BlackElo "2204"]
[PlyCount "98"]
[EventDate "2005.08.29"]
[EventType "team"]
[EventRounds "7"]
[EventCountry "MKD"]
[SourceTitle "CBM 108 Extra"]
[Source "ChessBase"]
[SourceDate "2005.11.04"]
[SourceVersion "1"]
[SourceVersionDate "2005.11.04"]
[SourceQuality "1"]

1. e4 e5 2. Nf3 Nc6 3. d4 exd4 4. Nxd4 Qf6 5. Nb5 Bc5 6. Qd2 Bb6 7. N1c3 Nge7 8. Qf4 Qxf4 9. Bxf4 d6 10. 0-0-0 a6 11. Na3 Bxf2 12. Be2 0-0 13. Rhf1 Bc5 14. Nab1 Be6 15. Nd5 Bxd5 16. exd5 Ne5 17. Nc3 N7g6 18. Bg3 f5 19. Kb1 b5 20. h4 b4 21. Na4 Be3 22. h5 f4 23. hxg6 fxg3 24. gxh7+ Kxh7 25. Rxf8 Rxf8 26. Bxa6 Rf2 27. Bf1 g6 28. c3 Ng4 29. cxb4 Nh2 30. Bd3 Rxg2 31. Nc3 Rf2 32. Ne4 g2 33. Rg1 Rf1+ 34. Bxf1 gxf1Q+ 35. Rxf1 Nxf1 36. Nf6+ Kh6 37. Ne8 g5 38. Nf6 Bd4 39. Ne4 g4 40. Kc2 g3 41. Nxg3 Nxg3 42. Kd3 Bxb2 43. a4 Nf5 44. a5 Kg5 45. b5 Bd4 46. Kc4 Kf4 47. Kb4 Ke4 48. b6 Bxb6 49. axb6 cxb6 0-1

[Event "FRM-chT"]
[Site "Struga"]
[Date "2005.08.29"]
[Round "1"]
[White "Gjorgjiev, Goce"]
[Black "Dinev, Dejan"]
[Result "1-0"]
[WhiteElo "2144"]
[BlackElo "2269"]
[PlyCount "159"]
[EventDate "2005.08.29"]
[EventType "team"]
[EventRounds "7"]
[EventCountry "MKD"]
[SourceTitle "CBM 108 Extra"]
[Source "ChessBase"]
[SourceDate "2005.11.04"]
[SourceVersion "1"]
[SourceVersionDate "2005.11.04"]
[SourceQuality "1"]

1. e4 c6 2. d4 d5 3. Nc3 dxe4 4. Nxe4 Nd7 5. Ng5 Ngf6 6. Bc4 e6 7. Qe2 Nb6 8. Bd3 h6 9. N5f3 c5 10. Bb5+ Bd7 11. dxc5 Nbd5 12. Bxd7+ Nxd7 13. c4 N5f6 14. Bd2 Nxc5 15. 0-0-0 Qc7 16. Be3 Be7 17. Nd4 0-0 18. g4 Rac8 19. Kb1 Na4 20. Rc1 Qe5 21. Ngf3 Qe4+ 22. Ka1 Bc5 23. g5 Bxd4 24. Nxd4 hxg5 25. f3 Qe5 26. Rhg1 Nh7 27. h4 Rfd8 28. Qf2 Nb6 29. b3 gxh4 30. f4 Qf6 31. Rg4 Nf8 32. Rxh4 Ng6 33. Rg4 Nd7 34. Rcg1 a6 35. Kb1 Re8 36. Nc2 Qf5 37. Rg5 Qd3 38. Bd4 e5 39. f5 exd4 40. fxg6 f6 41. R5g3 Re2 42. Rxd3 Rxf2 43. Nxd4 Ne5 44. Rdd1 Rd8 45. Ne6 Rxd1+ 46. Rxd1 Nxg6 47. Rd7 Nf4 48. Nxg7 Ne2 49. Kb2 Rg2 50. Ne8 f5 51. Nf6+ Kf8 52. Rxb7 f4 53. Nd7+ Ke8 54. Ne5 f3 55. Nxf3 Ng1+ 56. Ka3 Nxf3 57. Rb6 Kd7 58. Rxa6 Nd4 59. Kb4 Nc6+ 60. Kb5 Rg6 61. Ra8 Nd4+ 62. Kc5 Ne6+ 63. Kb4 Nc7 64. Rh8 Kc6 65. a4 Na6+ 66. Ka5 Nc5 67. Rc8+ Kd6 68. Kb5 Ne6 69. a5 Nd4+ 70. Ka4 Nc6 71. b4 Rg1 72. Rh8 Ra1+ 73. Kb5 Nd4+ 74. Kb6 Rb1 75. Rd8+ Ke5 76. b5 Ne6 77. Rd5+ Kf6 78. a6 Ke7 79. a7 Ra1 80. Kb7 1-0